Suomen valtatiet - Statistics

Yleistilastot
  • Tätä visaa on pelattu 454 kertaa
  • Keskiarvotulos 8 / 28
Vastaustilastot
Valtatie Reitti % Oikein
1 Helsinki-Turku
95%
4 Helsinki-Utsjoki
65%
3 Helsinki-Vaasa
58%
2 Palojärvi-Mäntyluoto
47%
8 Turku-Liminka
43%
5 Heinola-Sodankylä
42%
7 Helsinki-Vaalimaa
42%
6 Koskenkylä-Kajaani
36%
10 Turku-Tuulos
32%
11 Nokia-Pori
29%
9 Turku-Niirala
28%
12 Rauma-Kouvola
23%
13 Nuijamaa-Kokkola
22%
20 Oulu-Kuusamo
21%
15 Kotka-Mikkeli
20%
25 Hanko-Mäntsälä
18%
29 Keminmaa-Tornio
18%
22 Oulu-Kajaani
17%
14 Juva-Särkisalmi
16%
21 Tornio-Kilpisjärvi
16%
23 Pori-Joensuu
14%
26 Hamina-Luumäki
13%
18 Jyväskylä-Vaasa
13%
24 Lahti-Jämsä
12%
16 Ylistaro-Kyyjärvi
11%
19 Jalasjärvi-Ytterjeppo
10%
27 Kalajoki-Iisalmi
10%
28 Kokkola-Mainua
9%
Ehtoja vastaavia visoja ei löytynyt
Tulosjakauma
Jokaisen tuloksen saaneiden osuus
Persentiili vastausten määrän mukaan
Tuloshistoriasi
Et ole pelannut tätä visaa